| Tag |
First Indicator |
Second Indicator |
Subfields |
| LEADER |
00000nam a2200000 i 4500 |
| 001 |
in00004593821 |
| 006 |
m o d f |
| 007 |
cr ||||||||||| |
| 008 |
101115s2000 iluab ob f000 0 eng c |
| 005 |
20220909153412.2 |
| 019 |
|
|
|a 622087191
|a 667919672
|a 985367371
|a 1153330256
|
| 035 |
|
|
|a (OCoLC)ocn681425134
|
| 040 |
|
|
|a OCLCE
|b eng
|e rda
|e pn
|c OCLCE
|d OCLCQ
|d OCLCF
|d OCLCO
|d OCLCQ
|d COP
|d OCLCQ
|d OCLCO
|d GPO
|d MvI
|
| 042 |
|
|
|a pcc
|
| 043 |
|
|
|a n-us---
|
| 049 |
|
|
|a WWW
|
| 074 |
|
|
|a 0624-B-05 (online)
|
| 086 |
0 |
|
|a I 19.42/4:00-4101
|
| 100 |
1 |
|
|a Johnson, Gary P.,
|d 1969-
|e author.
|
| 245 |
1 |
0 |
|a Methodology, data collection, and data analysis for determination of water-mixing patterns induced by aerators and mixers /
|c by Gary P. Johnson [and four others] ; in cooperation with the U.S. Army Corps of Engineers, Chicago District, and the Metropolitan Water Reclamation District of Greater Chicago.
|
| 264 |
|
1 |
|a Urbana, Illinois :
|b U.S. Department of the Interior, U.S. Geological Survey,
|c 2000.
|
| 300 |
|
|
|a 1 online resource (vi, 72 pages) :
|b illustrations (some color), map.
|
| 336 |
|
|
|a text
|b txt
|2 rdacontent
|
| 337 |
|
|
|a computer
|b c
|2 rdamedia
|
| 338 |
|
|
|a online resource
|b cr
|2 rdacarrier
|
| 490 |
1 |
|
|a Water-resources investigations report ;
|v 00-4101
|
| 504 |
|
|
|a Includes bibliographical references (page 48).
|
| 500 |
|
|
|a GPO Cataloging Record Distribution Program (CRDP).
|
| 588 |
|
|
|a Description based on online resource; title from PDF title page (USGS, viewed on Aug. 16, 2021).
|
| 650 |
|
0 |
|a Water
|x Aeration.
|
| 650 |
|
0 |
|a Water
|x Air entrainment.
|
| 650 |
|
0 |
|a Stratified flow.
|
| 650 |
|
0 |
|a Reservoirs
|x Destratification.
|
| 650 |
|
7 |
|a Reservoirs
|x Destratification.
|2 fast
|0 (OCoLC)fst01095487
|
| 650 |
|
7 |
|a Stratified flow.
|2 fast
|0 (OCoLC)fst01134428
|
| 650 |
|
7 |
|a Water
|x Aeration.
|2 fast
|0 (OCoLC)fst01171141
|
| 650 |
|
7 |
|a Water
|x Air entrainment.
|2 fast
|0 (OCoLC)fst01171147
|
| 710 |
1 |
|
|a United States.
|b Army.
|b Corps of Engineers.
|b Chicago District.
|
| 710 |
1 |
|
|a Metropolitan Water Reclamation District of Greater Chicago (Ill.)
|
| 710 |
2 |
|
|a Geological Survey (U.S.),
|e issuing body.
|
| 776 |
0 |
8 |
|i Print version:
|t Methodology, data collection, and data analysis for determination of water-mixing patterns induced by aerators and mixers
|w (DLC) 00329874
|w (OCoLC)45585724
|
| 830 |
|
0 |
|a Water-resources investigations report ;
|v 00-4101.
|
| 856 |
4 |
0 |
|u https://purl.fdlp.gov/GPO/gpo185580
|t 0
|
| 999 |
f |
f |
|s 29f65505-c71b-4160-8b65-83163d595274
|i 006c9c36-d92f-4e7c-bdae-9b4ec96594c8
|t 0
|
| 952 |
f |
f |
|a Texas A&M University
|b College Station
|c Electronic Resources
|d Available Online
|t 0
|e I 19.42/4:00-4101
|h Superintendent of Documents classification
|
| 998 |
f |
f |
|a I 19.42/4:00-4101
|t 0
|l Available Online
|